| 000 | 00964nam a2200229Ii 4500 | ||
|---|---|---|---|
| 003 | JO-AjNU | ||
| 008 | 230605s9999||||xx |||||||||||||| ||und|| | ||
| 017 | _a2019/1/277 | ||
| 020 | _a978-9957-956-36-3 | ||
| 040 |
_aJO-AjNU _bara _erda _cJO-AjNU |
||
| 041 | _aara | ||
| 050 | 1 | 4 | _aHF5668.J535.2020 |
| 100 | 3 |
_aالججاوي، طلال محمد علي وآخرون، م.مشارك اسعد محمد علي العواد، م.مشارك رغد منير الزبيدي, _eauthor _961596 |
|
| 245 | 0 | 0 | _aمعايير التدقيق الداخلي الدولية للحد من الغش والاحتيال ومدى الالتزام بها |
| 250 | _aط1 | ||
| 264 | 3 | 1 | _aعمان: دار الايام للنشر والتوزيع، 2020 |
| 300 | _a200ص | ||
| 336 |
_atext _btxt _2rdacontent |
||
| 337 |
_aunmediated _bn _2rdamedia |
||
| 338 |
_avolume _bnc _2rdacarrier |
||
| 650 | 4 |
_aتدقيق الحسابات-مدقق الحسابات-المحاسبة _961597 |
|
| 999 |
_aA27850 _c31418 _d31418 |
||